000
00343 a2200157 4500
001
163023
020
_a
040
_c
Magnum
100
_a
Ribeiro, Daniel Valle
240
1
0
_a
Igreja e estado na idade media
_l
por
245
1
0
_a
Igreja e estado na idade media
362
0
_a
1899
440
1
_a
LĂȘ
697
_a
PARADIDATICO
942
_c
BK
999
_c
163023
_d
163023